000 01320nam a22003857a 4500
003 CHAP
005 20220329141815.0
008 971013s1985 r 00010 d
010 _a74143
011 _a75115
035 _a84675
040 _cCHAP
090 _aTesis
100 0 0 _aGarza Ramón, José Refugio.
_947126
245 _aPrueba de cuatro diferentes abonos orgánicos y su efecto en la dinámica poblacional de Azotobacter spp.
260 _aMonterrey, N.L. :
_bEl autor,
_c1985
300 _a86 h.
_b: gráfs.
502 _aTesis (Ing. Agrónomo Fitotecnista) -- Univ. Autónoma de Nuevo León. Fac. de Agronomía
590 _aALEPH
_b10
_c20130110
_lUCH01
_h1418
590 _aBATCH-UPD
_b10
_c20130110
_lUCH01
_h0248
590 _aBATCH-UPD
_b10
_c20130110
_lUCH01
_h1442
590 _aBATCH-UPD
_b10
_c20130409
_lUCH01
_h2318
590 _aBATCH-UPD
_b10
_c20130410
_lUCH01
_h1559
590 _aBATCH-UPD
_b10
_c20130913
_lUCH01
_h1835
590 _aCONVERSION
_b10
_c20130109
_lUCH01
_h1341
650 1 4 _aAbonos para maíz.
_9278
650 1 4 _aAzotobacter.
_99127
650 1 4 _aCompost.
_926105
650 1 4 _aEstiércol.
_938313
650 1 4 _aGallinaza.
_944445
700 0 _aGarcía Martínez, José Luis.
_946270
901 _aBK
942 _cTESIS
949 _bBC
_cTES
_d-40113
_eTS1
_h19014
_i84675
_si
999 _c74143
_d74143